<The> Impact of the Inflation to the Information Disclosure in Financial Statements of Business Entities

Analýza vplyvu inflácie pri vykazovaní v účtovnej závierke. Hyperinflácia, stabilita cien, medzinárodná regulácia.

Gespeichert in:
Bibliographische Detailangaben
1. Verfasser: Oriskóová, Denisa
Weitere Verfasser: Pakšiová, Renáta, 1974-
Format: Buchkapitel
Sprache:Englisch
Schlagworte:
Tags: Tag hinzufügen
Keine Tags, Fügen Sie das erste Tag hinzu!

MARC

LEADER 00000naa$a2200000$$$4500
001 0241001
005 20240502073925.2
041 0 |a eng 
044 |a SK 
245 1 0 |a <The> Impact of the Inflation to the Information Disclosure in Financial Statements of Business Entities  |c Denisa Oriskóová, Renáta Pakšiová 
520 |a Analýza vplyvu inflácie pri vykazovaní v účtovnej závierke. Hyperinflácia, stabilita cien, medzinárodná regulácia. 
610 2 0 |a inflácia 
610 2 0 |a závierka účtovná 
610 2 0 |a výkazy finančné 
610 2 0 |a metódy ekonomicko-matematické 
610 2 0 |a metódy účtovné 
100 1 |a Oriskóová, Denisa 
700 1 |a Pakšiová, Renáta, 1974-